Города по Буквам — Й - Statistics

General Stats
  • This quiz has been taken 158 times
  • The average score is 3 of 10
Answer Stats
Подсказка Город % Correct
Столица республики Марий-Эл, самый большой город России на Й Йошкар-Ола
93%
Мегаполис в ЮАР, некогда богатый финансовый центр Йоханнесбург
82%
Старинный английский город с богатейшим историческим наследием Йорк
65%
Столица канадских Северо-Западных территорий, название с английского переводится как "жёлтый нож" Йеллоунайф
25%
Город недалеко от иранского Исфахана, один из древнейших городов в мире Йезд
12%
Город в Чехии, немцы называли его Иглау Йиглава
12%
Универститский город в немецкой земле Тюрингии Йена
11%
Крупный пригород Нью-Йорка, название произошло от голландской знати — юнкеров Йонкерс
6%
Популярный у аристократов курорт на Лазурном берегу Йер
6%
Южнокорейский город, место проведения Экспо-2012 Йосу
5%
No matching quizzes found
Score Distribution
Percent of People with Each Score
Percentile by Number Answered
Your Score History
You have not taken this quiz